Current Celtic F.C. Squad (2023-24) - Statistics

General Stats
  • This quiz has been taken 144 times
  • The average score is 19 of 28
Answer Stats
Answer % Correct
Joe Hart
95%
Callum McGregor
92%
Greg Taylor
90%
Alistair Johnston
89%
Cameron Carter-Vickers
88%
Liam Scales
86%
Maizen Maeda
86%
Reo Hatate
85%
Kyogo Furuhashi
82%
James Forrest
80%
Adam Idah
78%
Brendan Rodgers
75%
Anthony Ralston
74%
Nicolas-Gerrit Kühn
74%
Matt O'Riley
70%
Hyun-Jun Yang
67%
Luis Palma
66%
Stephen Welsh
65%
Paulo Bernardo
62%
Scott Bain
59%
Gustaf Lagerbielke
50%
Maik Nawrocki
49%
Hyeong-Yu Oh
46%
Tomoki Iwata
46%
Odin Thiago Holm
40%
Benjamin Siegrist
36%
James McCarthy
34%
Yuki Kobayashi
26%
No matching quizzes found
Score Distribution
Percent of People with Each Score
Percentile by Number Answered
Your Score History
You have not taken this quiz